Precis de parasitologie II (Registro nro. 4602)

Detalles MARC
000 -CABECERA
Campo de control 00361nam a2200145 a 4500
005 - FECHA Y HORA DE LA ULTIMA TRANSACCION
Campo de control 20140317092457.0
008 - ELEMENTOS DE LONGITUD FIJA—INFORMACION GENERAL
Campo de control 140317b1936 ||||| |||| 00| 0 fre d
041 ## - IDIOMA
Código de idioma para texto/pista de sonido o título separado Francés
090 ## - CLASIFICACIÓN LOCAL
Colección LB
Consecutivo 04137
245 ## - MENCION DE TITULO
Título Precis de parasitologie II
260 ## - PUBLICACION, DISTRIBUCION, ETC. (PIE DE IMPRENTA)
Lugar de publicación, distribución, etc. s.l.
Nombre del editor, distribuidor, etc. Imprimerie Durand, Rue Fulbert
Fecha de publicación, distribución, etc. 1936
300 ## - DESCRIPCION FISICA
Extensión 2139 p.
942 ## - ELEMENTOS ADICIONALES (KOHA)
Tipo de ítem Impreso
Sistema de clasificación Local
945 ## - PROCESAMIENTO LOCAL
AAAA-MM-DD - Fecha de ingreso o modificacion 2005-06-23
Existencias
Withdrawn status Lost status Sistema de Clasificación Damaged status No para préstamo Colección Inventariado Ubicación Permanente Ubicación actual Fecha de adquisición Fuente de Valor Total Checkouts Número topográfico Inventario / Código de Barras Date last seen Ejemplar Price effective from Forma de adquisición Tipo de material
    Local     Entomología Inventariado 2017 Villa de Leyva Villa de Leyva 23/06/2005 Amazon   LB-04137 016896 23/10/2017 Ej. 1 04/12/2012   Libro